Statystyki dla Rodzaje zaćmień słońca

Kliknij tutaj aby rozwiązać quiz!

Ogólne statystyki

  • Ten quiz został rozwiązany 15 razy
  • Średni wynik to 3 z 4

Statystyki odpowiedzi

TekstRodzaj Zaćmienia% Poprawnych
Księżyc zasłania słońce ale nie w 100%Częściowe
93%
Księżyc zasłania słońce w 100%Całkowite
87%
Księżyc zasłania słońce jednak ma za małą tarcze aby całkowicie je zasłonićObrączkowe
80%
Bardzo rzadkie zjawisko. Księżyc ma na początku tarcze ciutke mniejszą niż słońce, ale w czasie zaćmienia księżyc zbliżając się do Ziemii ma coraz większą tarcze że przysłania całkowicie słońce, może być też na odwrótHybrydowe
40%

Rozkład punktacji

Percentyl według liczby udzielonych odpowiedzi

Procent ludzi z każdym wynikiem

Twoja historia wyników

Nie rozwiązałeś tego quizu